Τα μονοπάτια της Πάρνηθας : ανάγλυφος χάρτης

Saved in:
Bibliographic Details
Format: Book
Language:Greek
Published: Αθήνα : Ανάβαση, [199-?]
Subjects:
Tags: Add Tag
No Tags, Be the first to tag this record!

MARC

LEADER 00000nam a2200000 i 4500
001 1/12408
008 000919q gre d
020 |a 960-90866-0-8 
035 |l 10064196 
040 |a GR-MY-UA  |b gre  |e aacr 
041 0 |a gre 
082 0 |a 938.911 
245 1 3 |a Τα μονοπάτια της Πάρνηθας :  |b ανάγλυφος χάρτης 
260 |a Αθήνα :   |b Ανάβαση,   |c [199-?] 
300 |a 1 χάρτης 
500 |a Κλίμακα 1:35.000. Ισοδιάσταση 50 μέτρα 
651 0 |a Attike (Greece)  |x Maps. 
852 |a INST  |b CHIOS  |e 20001114  |h 938.911 ΜΟΝ  |p 005200017203  |q 005200017203  |t REF  |y 600 
852 |a INST  |b CHIOS  |e 20000919  |h 938.911 ΜΟΝ  |p 005200017204  |q 005200017204  |t REF  |y 600 
901 |a BIBL2-2000-3 
909 |a Χ  |b 074719 
909 |a Χ  |b 076156 
920 |a ΔΙΑΤΜΗΜΑΤΙΚΟ "ΣΧΕΔΙΑΣΜΟΣ, ΔΙΟΙΚΗΣΗ ΚΑΙ ΠΟΛΙΤΙΚΗ ΤΟΥ ΤΟΥΡΙΣΜΟΥ"  |y ΧΙΟΣ  |z 2000-08 
970 |z 2000/09/ELIDOC